Nový život starých ruín

Najznámejšie zámky a kaštiele na Slovensku, ktoré ich majitelia prestavali na hotely. Podnikanie v hotelierstve. Ocenenia pre majiteľov.

Na minha lista:
Detalhes bibliográficos
Autor principal: Horváthová, Jarmila
Formato: Capítulo de Livro
Idioma:eslovaco
Assuntos:
Tags: Adicionar Tag
Sem tags, seja o primeiro a adicionar uma tag!

MARC

LEADER 00000naa a2200000 4500
001 0197838
005 20231113102639.7
041 0 |a slo 
044 |a SK 
245 1 0 |a Nový život starých ruín  |c Jarmila Horváthová 
520 |a Najznámejšie zámky a kaštiele na Slovensku, ktoré ich majitelia prestavali na hotely. Podnikanie v hotelierstve. Ocenenia pre majiteľov. 
610 2 0 |a podnikanie 
610 2 0 |a hotely 
610 2 0 |a hotelierstvo 
610 2 0 |a podnikatelia 
610 2 0 |a financovanie 
610 2 0 |a história 
610 2 0 |a pamiatky 
610 2 0 |a Slovensko 
100 1 |a Horváthová, Jarmila